000 00505nam a2200169Ia 4500
003 GCL
008 140319s9999 xx 000 0 ara d
040 _aGCL /
_cGCL
082 0 4 _aط
_b747
_bع ز
100 1 _aعاطف عبدالرشيد
245 1 0 _aالزخارف الاسلامية النباتية /
_cعاطف عبدالرشيد
490 _aاطفالنا
_v0
650 0 4 _aالزخرفة
650 0 4 _aالتصميم الزخرفى
650 0 4 _aالرسم بالالوان
942 _2ddc
_cBK
999 _c38982
_d38982